Top HIMYM Characters Quiz Stats

 Plays Quiz Updated Sep 26, 2014

Challenge
Share
Tweet
Embed
Score 0/30 Timer 03:00
2 Plays Today
% Correct
Ted Mosby
95.3%
Barney Stinson
95.2%
Robin Scherbatsky
94.9%
Marshall Eriksen
94.6%
Lily Aldrin
94.5%
Stella Zinman
87.1%
Ranjit
86%
Victoria
83.7%
Zoey Pierson
81%
Daughter
80.6%
Son
79.4%
Sandy Rivers
79.1%
The Captain
77.8%
Patrice
76.9%
James Stinson
76.4%
% Correct
Marvin Eriksen Sr.
74.8%
Mickey Aldrin
73.9%
Loretta Stinson
73.6%
Nora
72.3%
Wendy
70.6%
Marvin Waitforit Eriksen
70.4%
Carl
68.6%
Quinn Garvey
66.7%
Scooter
63.1%
Marcus Eriksen
57.8%
Brad
57.4%
Virginia Mosby
56.4%
Kevin
54.9%
Arthur Hobbs
50.4%
Mike
27.1%

You're not logged in!

Compare scores with friends on all Sporcle quizzes.
Join for Free
OR
Log In

You Might Also Like...

Show Comments

Extras

Top Quizzes Today


Score Distribution

Your Account Isn't Verified!

In order to create a playlist on Sporcle, you need to verify the email address you used during registration. Go to your Sporcle Settings to finish the process.

Report this User

Report this user for behavior that violates our Community Guidelines.

Details: